Eurokompas časopis Úradu vlády SR o štrukturálnych fondoch

Saved in:
Bibliographic Details
Format: Serial
Language:Slovak
Published: Bratislava Úrad vlády Slovenskej republiky 2017
Tags: Add Tag
No Tags, Be the first to tag this record!

MARC

LEADER 00000nas2a2200000 4500
001 0240762
005 20180301083731.5
022 |a 2453-899X 
041 0 |a slo 
044 |a SK 
245 1 0 |a Eurokompas  |b časopis Úradu vlády SR o štrukturálnych fondoch 
264 1 |a Bratislava  |b Úrad vlády Slovenskej republiky  |c 2017 
773 0 |w eu_un_cat*0055492